Les félins (grrrrrrr) - Statistiques

Statistiques générales
  • Ce quiz a été pris 95 fois
  • Le résultat moyen est 11 sur 25
Statistiques - réponses
Question Réponse % Correct
Parmi les animaux domestiques, lequel est un félin (spoiler : c'est pas le poisson) ? chat
95%
La plus grosse espèce de félin terrestre est le ... tigre
88%
Quel félin représente la bataille perdue par Napoléon à Waterloo (dans la lointaine et froide Belgique) ? lion
77%
Quel continent ne contient pas de félins ? Océanie
70%
En Estonie, la vitesse sur autoroute est limitée à 110km/h, c'est également la vitesse que peut atteindre un ... guépard
67%
Les 6 grands félidés (qui rugissent) sont le lion, le tigre, la panthère des neiges, le jaguar, la panthère nébuleuse et le ... léopard
64%
Bon ok en vrai y en a un deuxième Antarctique
63%
Le mélanisme, présent chez certains félins, confère à certains spécimens une peau de couleur... noire
53%
Le lion est un félin (sans blague) mais également une marque de barre chocolatée, quel est le groupe agro-alimentaire propriétaire de celle-ci ? Nestlé
49%
Deux constructeurs automobiles connus ont un félin comme logo : Jaguar et ... Peugeot
48%
Quel jeu télévisé français a récemment interdit la présence de félin durant ses émissions ? Fort Boyard
47%
Tiger Woods est un sportif américain, dans quel sport s'illustre-t-il ? golf
45%
Quelle équipe de football africaine est surnommée "les lions de l'Atlas" Maroc
45%
Quel petit félin est un homonyme de la capitale norvégienne (si tu connais déjà pas la capitale norvégienne, c'est mal barré) ? ocelot
45%
Quel pays d'Asie présente un lion sur son drapeau ? Sri Lanka
42%
Dans la saga de films "l'Age de glace", l'un des personnages est un tigre à dents de sabre, comment se prénomme-t-il ? Diego
40%
Quel massif montagneux français est célèbre pour sa population de lynx ? Jura
38%
Dans quel film américain une bande d'amis partie enterrer la vie de jeune garçon de l'un des leurs, se retrouve-t-elle nez à nez avec un tigre dans un hôtel de Las Vegas ? Very Bad Trip
36%
Le chat bai est un petit félin vivant sur une île indonésienne, laquelle ? Bornéo
27%
Quel joueur de foot a joué à Lyon puis à Arsenal avant de revenir à Lyon (ouais ça n'a rien à voir avec les félins mais juste pour la vanne Lyon-lion) ? Alexandre Lacazette
23%
Mulan est un film Disney, quel anagramme de celui-ci correspond à un petit chat d'Asie centrale manul
23%
Quel est le félin disposant des plus grandes oreilles (le lièvre n'est pas un félin) ? caracal
21%
Comme Ryanair, Lion Air est une compagnie ... low-cost
21%
Quel est l'autre nom courant du puma ? couguar
10%
A l'inverse la plus petite est le ... (eh ouais, c'est plus dur d'un coup hein) chat rubigineux
4%
Aucun quiz correspondant
Distribution des résultats
% des personnes avec chaque résultat
Percentile par nombre de réponses
Votre historique - résultats
Vous n’avez pas pris ce quiz